| Tag |
First Indicator |
Second Indicator |
Subfields |
| LEADER |
00000cam a2200000 4500 |
| 001 |
in00000348331 |
| 005 |
20151011072636.0 |
| 008 |
750925s1955 nyua b 00100 eng |
| 010 |
|
|
|a 55003382
|
| 035 |
|
|
|a (OCoLC)01655927
|
| 035 |
|
|
|9 ABP1972AM
|
| 040 |
|
|
|a DLC
|c FQG
|d TXA
|d UtOrBLW
|
| 049 |
|
|
|a TXAM
|c 1 [272534], 2 [375390]
|
| 050 |
0 |
0 |
|a TK3226
|b .T5 1955
|
| 082 |
0 |
|
|a 621.33
|a 621.34*
|
| 100 |
1 |
|
|a Thomason, James Gordon.
|
| 245 |
1 |
0 |
|a Linear feedback analysis.
|
| 264 |
|
1 |
|a New York :
|b McGraw-Hill,
|c 1955.
|
| 300 |
|
|
|a x, 355 pages :
|b illustrations ;
|c 23 cm.
|
| 336 |
|
|
|a text
|b txt
|2 rdacontent
|
| 337 |
|
|
|a unmediated
|b n
|2 rdamedia
|
| 338 |
|
|
|a volume
|b nc
|2 rdacarrier
|
| 504 |
|
|
|a Bibliography: page 349.
|
| 650 |
|
0 |
|a Electric networks.
|
| 999 |
|
|
|a MARS
|
| 999 |
f |
f |
|s 7c5ef1b6-3a0c-38c2-b2f3-563a31889c2c
|i bb92bf28-bcd9-3202-ad48-7dc24d4d39ed
|t 0
|
| 952 |
f |
f |
|p ric
|a Texas A&M University
|b Rellis Campus
|c Joint Library Facility
|d Remote Storage
|t 0
|e TK3226 .T5 1955
|h Library of Congress classification
|i unmediated -- volume
|m A14805475150
|
| 998 |
f |
f |
|a TK3226 .T5 1955
|t 0
|l Remote Storage
|